000
00255nam a2200109Ia 4500
008
190216s9999||||xx |||||||||||||| ||und||
100
_a
Bipin K Agarwal
245
0
_a
Statistical Mechanics
260
_b
Wiley Eastern Ltd
650
_a
Physics
942
_c
BK
999
_c
33145
_d
33145